Reading Trivia - Statistics

General Stats
  • This quiz has been taken 6 times
  • The average score is 8 of 15
Answer Stats
Question Answer % Correct
Who is the current manager of Reading? Noel Hunt
100%
What is the name of Reading’s stadium? Select Car Leasing Stadium
100%
Who is the current captain of Reading? Andy Yiadom
80%
Who is Reading’s record sale, joining Crystal Palace for £8m in 2021? Michael Olise
80%
What is Reading’s nickname? The {Royals}
80%
From 1896 until 1998, Reading played at which ground? Elm Park
60%
Who is Reading’s record signing, arriving from FC Internazionale Milano for £7.5m in 2019? George Pușcaș
40%
Which Englishman is Reading’s record appearance-maker with 603? Martin Hicks
40%
Who captained Reading to promotion from the Second Division in 1994, as champions, and again in 2002? Phil Parkinson
40%
In 1999, who was voted by Reading supporters as their Player of the Millennium, despite spending only three full seasons at the club? Robin Friday
40%
Which Reading manager guided them to promotion to the top flight for the first time, with an English record 106 points? Steve Coppell
40%
Which legendary Reading goalkeeper held the English league record of 1,074 minutes without conceding a goal for three decades? Steve Death
40%
With which club does Reading contest the A33 Derby? Aldershot Town
20%
On the opening day of the 2006/07 season, who scored Reading's first-ever goal in the top flight? Leroy Lita
20%
Which Englishman is Reading’s record goalscorer with 191? Trevor Senior
20%
No matching quizzes found
Score Distribution
Percent of People with Each Score
Percentile by Number Answered
Your Score History
You have not taken this quiz